|
|
|
|
| LEADER |
00697nab a2200193 i 4500 |
| 001 |
misc48205 |
| 005 |
20211025161036.0 |
| 008 |
200422s1990 hu o 0|| hun d |
| 022 |
|
|
|a 0133-0853
|
| 040 |
|
|
|a SZTE Miscellanea Repozitórium
|b hun
|
| 041 |
|
|
|a hun
|
| 100 |
1 |
|
|a Kordé Zoltán
|
| 245 |
1 |
0 |
|a Anjou-kori oklevéltár I. 1301-1305 [könyvismertetés]
|h [elektronikus dokumentum] /
|c Kordé Zoltán
|
| 260 |
|
|
|a Könyvvilág Kft.
|b Budapest
|c 1990
|
| 490 |
0 |
|
|a Könyvvilág
|
| 561 |
|
|
|a Kristó Gyula újságkivágatok
|
| 695 |
|
|
|a Magyarország története - könyvismertetés, Anjou-dinasztia
|
| 700 |
0 |
1 |
|a Kristó Gyula
|
| 856 |
4 |
0 |
|u http://misc.bibl.u-szeged.hu/48205/1/073.pdf
|z Dokumentum-elérés
|